| 000 | 00615nam a2200253Ia 4500 | ||
|---|---|---|---|
| 005 | 20250425161855.0 | ||
| 008 | 250425s9999 xx 000 0 und d | ||
| 020 | _a8480884231 | ||
| 041 | _aspa | ||
| 082 | _a650.1 | ||
| 100 | _aHARVEY, CHRISTINE | ||
| 245 | 0 | _aAPRENDA TODAS LAS ESTRATEGIAS DE VENTA: EN UNA SEMANA | |
| 250 | _a1A ED. | ||
| 260 | _aBARCELONA | ||
| 260 |
_aEspaƱa _bGESTION 2000 _c2000 |
||
| 300 | _a85 | ||
| 500 | _aHABILIDADES DIRECTIVAS | ||
| 650 | _aESTRATEGIAS DE VENTA | ||
| 650 | _aEXITO | ||
| 650 | _aMOTIVACION | ||
| 650 | _aNEGOCIOS | ||
| 942 | _c01 | ||
| 010 | _a33273 | ||
| 999 |
_c217900 _d217900 |
||